| 000 | 00923nam a2200265Ia 4500 | ||
|---|---|---|---|
| 003 | OSt | ||
| 005 | 20220926024457.0 | ||
| 006 | a|||||r|||| 00| 0 | ||
| 007 | ta | ||
| 008 | 220923b |||||||| |||| 00| 0 eng d | ||
| 020 |
_a9 781859 730089 _c1194.0999999999999 |
||
| 037 |
_bG-4666/11-12, 27/03/2012, Manohar Publishers & Distributors _cGeneral Book |
||
| 040 |
_aRTL _cRTL _beng |
||
| 041 |
_2eng _aeng |
||
| 082 | _aY:351.211, N5 | ||
| 100 |
_aKersenboom Saskia _9131829 |
||
| 245 | 0 |
_aWord, sound, image _b The life of the Tamil text. |
|
| 260 |
_aOxford _bBerg Publishers _c1995 |
||
| 300 |
_axx, 259p. _ccm. |
||
| 490 | _aExplorations in Anthropology | ||
| 500 | _aBibliography: P 241-45; Glossary: P 246-53 | ||
| 650 | _aSociology | ||
| 942 |
_hY:351.211, N5 _cGB _2CC |
||
| 999 |
_c644398 _d644398 |
||